000 00654nma a22002177a 4500
005 20210325202442.0
006 g q ||
008 s2007 eng d
041 _aeng
090 _aCD1339
245 1 0 _aThe chamber of deputies parliament of the Czech Republic [CD-ROM]
260 3 _aPrague
_c2007
300 _a1 disk ;
_b sd., col.
610 _aThe Office of the Chamber of Deputies
650 0 4 _aLegislative bodies -- Czech, Republic
650 0 4 _aParliaments -- Czech, Republic
850 _aNALT
942 _cCD
997 _c000000000055540
_kVC
998 _aนางสุกัญญา กัลยา
999 _c55540
_d55540